N or M?
Novela policiaca ambientada en la segunda guerra mundial que recorre la aventura del matrimonio Tommy y Tuppence Beresford, quienes ya de mediana edad, se siente atascados tras trabajar para la inteligencia británica, pero tras la llegada de un caso que los lleva a trabajar como agentes para encontr...
Uloženo v:
| Hlavní autor: | |
|---|---|
| Médium: | Kniha |
| Jazyk: | Undetermined |
| Vydáno: |
New York, Estados Unidos
Berkley Books
1985
|
| Vydání: | 4 |
| Témata: | |
| Tagy: |
Přidat tag
Žádné tagy, Buďte první, kdo vytvoří štítek k tomuto záznamu!
|
MARC
| LEADER | 00000nam a2200000Ia 4500 | ||
|---|---|---|---|
| 008 | 170316s9999 xx 000 0 und d | ||
| 040 | |a cru BVZT | ||
| 090 | |a 820 CH-3n | ||
| 100 | |a Christie, Agatha | ||
| 245 | |a N or M? | ||
| 250 | |a 4 | ||
| 260 | |a New York, Estados Unidos | ||
| 260 | |b Berkley Books | ||
| 260 | |c 1985 | ||
| 300 | |a 233 páginas | ||
| 520 | |a Novela policiaca ambientada en la segunda guerra mundial que recorre la aventura del matrimonio Tommy y Tuppence Beresford, quienes ya de mediana edad, se siente atascados tras trabajar para la inteligencia británica, pero tras la llegada de un caso que los lleva a trabajar como agentes para encontrar a dos espías alemanes | ||
| 650 | |a LITERATURA INGLESA |9 12 | ||
| 999 | |c 6818 |d 6818 | ||
| 942 | |c 15 D |h 820 CH-3n |2 z | ||
